Les Noms des Spectacles des Enfoirés - Statistiques

Statistiques générales
  • Ce quiz a été pris 31 fois
  • Le résultat moyen est 17 sur 34
Statistiques - réponses
Année Titre % Correct
2005 Le Train des Enfoirés
85%
2006 Le Village des Enfoirés
85%
2007 La Caravane des Enfoirés
77%
2011 Dans l'Oeil des Enfoirés
69%
2009 Les Enfoirés font leur cinéma
69%
2013 La Boite à Musique des Enfoirés
62%
2020 Le Pari(s) des Enfoirés
62%
1993 Les Enfoirés chantent Starmania
62%
2003 La Foire aux Enfoirés
54%
2012 Le Bal des Enfoirés
54%
2019 Le Monde des Enfoirés
54%
2004 Les Enfoirés dans l'Espace
54%
2010 Les Enfoirés...La Crise de Nerfs
54%
2001 L'Odyssée des Enfoirés
54%
2017 Mission Enfoirés
54%
2018 Musique !
54%
2015 Sur la Route des Enfoirés
54%
2016 Au Rendez vous des Enfoirés
46%
2014 Bon Anniversaire les Enfoirés
46%
2023 Enfoirés un jour, toujours
46%
2021 Les Enfoirés à côté de vous
46%
1995 Les Enfoirés à l'Opéra Comique
46%
1994 Les Enfoirés au Grand Rex
46%
2008 Les Secrets des Enfoirés
46%
1997 Le Zénith des Enfoirés
46%
1989 Tournée d'Enfoirés
46%
2022 Un Air d'Enfoirés
46%
1999 Dernière Edition avant l'an 2000
38%
1996 La Soirée des Enfoirés
38%
2000 Les Enfoirés en 2000
38%
1998 Enfoirés en Coeur
31%
2002 Tous dans le même bateau
31%
2024 Enfoirés On a 35 ans
23%
1992 La Soirée des Enfoirés à l'Opéra
23%
Aucun quiz correspondant
Distribution des résultats
% des personnes avec chaque résultat
Percentile par nombre de réponses
Votre historique - résultats
Vous n’avez pas pris ce quiz